Introduction to C++ programming / (Record no. 36137)
[ view plain ]
| 000 -LEADER | |
|---|---|
| fixed length control field | 01592cam a22003017a 4500 |
| 001 - CONTROL NUMBER | |
| control field | 15719111 |
| 005 - DATE AND TIME OF LATEST TRANSACTION | |
| control field | 20091210152352.0 |
| 008 - FIXED-LENGTH DATA ELEMENTS--GENERAL INFORMATION | |
| fixed length control field | 090430s2009 maua 001 0 eng d |
| 010 ## - LIBRARY OF CONGRESS CONTROL NUMBER | |
| LC control number | 2009278064 |
| 020 ## - INTERNATIONAL STANDARD BOOK NUMBER | |
| International Standard Book Number | 9780538752435 |
| 035 ## - SYSTEM CONTROL NUMBER | |
| System control number | (OCoLC)ocn264934945 |
| 040 ## - CATALOGING SOURCE | |
| Original cataloging agency | SISPL |
| Transcribing agency | SISPL |
| Modifying agency | NUI |
| -- | ZQP |
| -- | DLC |
| 042 ## - AUTHENTICATION CODE | |
| Authentication code | lccopycat |
| 050 00 - LIBRARY OF CONGRESS CALL NUMBER | |
| Classification number | QA76.73.C153 |
| Item number | M35 2009 |
| 082 04 - DEWEY DECIMAL CLASSIFICATION NUMBER | |
| Classification number | 005.13/3 |
| Edition number | 22 |
| 100 1# - MAIN ENTRY--PERSONAL NAME | |
| Personal name | Malik, D. S. |
| 245 10 - TITLE STATEMENT | |
| Title | Introduction to C++ programming / |
| Statement of responsibility, etc | D.S. Malik. |
| 250 ## - EDITION STATEMENT | |
| Edition statement | Brief ed. |
| 260 ## - PUBLICATION, DISTRIBUTION, ETC. (IMPRINT) | |
| Place of publication, distribution, etc | Boston, MA : |
| Name of publisher, distributor, etc | Course Technology, Cengage Learning, |
| Date of publication, distribution, etc | c2009. |
| 300 ## - PHYSICAL DESCRIPTION | |
| Extent | xxxi, 701 p. : |
| Other physical details | col. ill. ; |
| Dimensions | 24 cm. |
| 500 ## - GENERAL NOTE | |
| General note | Includes index. |
| 505 0# - FORMATTED CONTENTS NOTE | |
| Formatted contents note | An overview of computers and programming languages -- Basic elements of C++ -- Input/output -- Control structures I (selection) -- Control structures II (repetition) -- User-defined functions -- Arrays -- Classes and data abstraction -- Namespaces, the "class string," and user-defined simple data types -- Pointers -- Applications of arrays (searching and sorting) and the "class vector" -- Recursion. |
| 650 #0 - SUBJECT ADDED ENTRY--TOPICAL TERM | |
| Topical term or geographic name as entry element | C++ (Computer program language) |
| 906 ## - LOCAL DATA ELEMENT F, LDF (RLIN) | |
| a | 7 |
| b | cbc |
| c | copycat |
| d | 3 |
| e | ncip |
| f | 20 |
| g | y-gencatlg |
| 942 ## - ADDED ENTRY ELEMENTS (KOHA) | |
| Source of classification or shelving scheme | Library of Congress Classification |
| Item type | Book |
| Withdrawn status | Lost status | Source of classification or shelving scheme | Damaged status | Not for loan | Collection code | Home library | Current library | Shelving location | Date acquired | Source of acquisition | Total Checkouts | Total Renewals | Full call number | Barcode | Checked out | Date last seen | Date last borrowed | Copy number | Price effective from | Koha item type |
|---|---|---|---|---|---|---|---|---|---|---|---|---|---|---|---|---|---|---|---|---|
| Library of Congress Classification | Non-fiction | Bishop Okullu Memorial Library (Limuru Campus) | Bishop Okullu Memorial Library (Limuru Campus) | General Circulation | 26/02/2010 | Purchase | 36 | 1 | QA76.73.C153 M35 2009 | 016179 | 03/12/2015 | 19/11/2015 | 19/11/2015 | 1 | 26/02/2010 | Book |